Music Quiz

Random Music or Singers Quiz
Score 0/20 Timer 03:00
4 Plays Today
Song Band or Musician % Correct
Poker FaceLady Gaga
93.1%
U Can't Touch ThisMC Hammer
86%
Boulevard of Broken DreamsGreen Day
83.2%
Eye of the TigerSurvivor
76%
Like a Rolling StoneBob Dylan
69.9%
Tainted LoveSoft Cell
64.9%
We Built This CityStarship
64.1%
Feel Good Inc.Gorillaz
63.5%
Hot For TeacherVan Halen
62.8%
Get LuckyDaft Punk
59.2%
Song Band or Musician % Correct
The ScientistColdplay
58.4%
I Won't Back DownTom Petty
56.8%
Even FlowPearl Jam
54.4%
What Is LoveHaddaway
40.5%
Working for the WeekendLoverboy
32.9%
Love HurtsNazareth
30.2%
Misery BusinessParamore
29.6%
DynamiteTaio Cruz
27.1%
Mississippi QueenMountain
22.8%
Symphony of DestructionMegadeth
21.8%
Remove Ads.
Support Sporcle.
Get the best of Sporcle when you Go Orange. This ad-free experience offers more features, more stats, and more fun while also helping to support Sporcle. Thank you for becoming a member.

You're not logged in!

Compare scores with friends on all Sporcle quizzes.
OR
Log In

Show Comments

Extras

Top Quizzes Today


Score Distribution

Your Account Isn't Verified!

In order to create a playlist on Sporcle, you need to verify the email address you used during registration. Go to your Sporcle Settings to finish the process.

Report this User

Report this user for behavior that violates our Community Guidelines.

Details: